Normal view
MARC view
Entry Personal Name
001 - CONTROL NUMBER
- control field: 16178
003 - CONTROL NUMBER IDENTIFIER
- control field: ARRUPE
005 - DATE AND TIME OF LATEST TRANSACTION
- control field: 20150311141241.0
008 - FIXED-LENGTH DATA ELEMENTS
- fixed length control field: 150311|| aca||aabn | a|a d
040 ## - CATALOGING SOURCE
- Original cataloging agency: ARRUPE
- Transcribing agency: ARRUPE
100 ## - HEADING--PERSONAL NAME
- Personal name: Stubbs, Michael
670 ## - SOURCE DATA FOUND
- Source citation: Work cat.: (ARRUPE): Stubbs, Michael, Observing classroom language, 1979